[Event "October Blitz"]
[Site "SchemingMind.com"]
[Date "2015.09.23"]
[Round "-"]
[White "Stephen Woodhouse"]
[Black "Ramesh Panwar"]
[Result "0-1"]
[WhiteCountry "ENG"]
[BlackCountry "IND"]
[WhiteElo "1881"]
[WhiteRD "49"]
[BlackElo "2402"]
[BlackRD "60"]
[GameID "387839"]

1. e4 c5 2. c3 d5 3. exd5 Qxd5 4. d4 Nf6 5. Nf3 Bg4 6. Be2 Nc6 7. h3 Bxf3 8. Bxf3 Qd7 9. Be3 cxd4 10. cxd4 e6
11. O-O Rd8 12. Nc3 Nxd4 13. Bxd4 Qxd4 14. Qxd4 Rxd4 15. Bxb7 Bb4 16. Rfd1 Bxc3 17. bxc3 Rc4 18. Rac1 Ke7 19. Rd4 Rc7 20. Bf3 Rb8
21. Rd2 Nd7 22. Kf1 Rbc8 23. Rdc2 f5 24. Ke1 Nc5 25. Rd1 Na4 26. Rdc1 Rxc3 27. Rxc3 Rxc3 28. Rxc3 Nxc3 29. a3 Kd6 30. Bh5 g6
31. Bf3 Kc5 32. Bb7 Nb1 33. Bc8 Kd6 34. a4 a5 35. Ba6 Nc3
0-1

[Event "October Blitz"]
[Site "SchemingMind.com"]
[Date "2015.09.23"]
[Round "-"]
[White "Ramesh Panwar"]
[Black "Stephen Woodhouse"]
[Result "1-0"]
[WhiteCountry "IND"]
[BlackCountry "ENG"]
[WhiteElo "2402"]
[WhiteRD "60"]
[BlackElo "1881"]
[BlackRD "49"]
[GameID "387840"]

1. d4 e6 2. Nf3 d5 3. Bf4 Bd6 4. Bxd6 Qxd6 5. c4 Nf6 6. e3 O-O 7. Nc3 Bd7 8. a3 c5 9. cxd5 Nxd5 10. dxc5 Qxc5
11. Nxd5 Qxd5 12. Qxd5 exd5 13. Rc1 Nc6 14. Bb5 Rac8 15. Ke2 Ne5 16. Bxd7 Nxd7 17. Nd4 Rc4 18. b3 Rc5 19. b4 Rc4 20. Nf5 Rfc8
21. Ne7+
1-0

[Event "October Blitz"]
[Site "SchemingMind.com"]
[Date "2015.10.07"]
[Round "-"]
[White "Stephen Woodhouse"]
[Black "Eric Caesar"]
[Result "0-1"]
[WhiteCountry "ENG"]
[BlackCountry "NED"]
[WhiteElo "1927"]
[WhiteRD "48"]
[BlackElo "1940"]
[BlackRD "74"]
[GameID "388454"]

1. e4 e6 2. d4 d5 3. Nd2 Nf6 4. e5 Nfd7 5. Bd3 c5 6. c3 Nc6 7. Ne2 Qb6 8. Nf3 cxd4 9. cxd4 f6 10. exf6 Nxf6
11. O-O Bd6 12. b3 O-O 13. Bf4 Bxf4 14. Nxf4 Bd7 15. Rc1 Rac8 16. Bb1 Kh8 17. Re1 Rce8 18. Qc2 Ne4 19. Ne2 g6 20. Nc3 Rxf3
21. gxf3 Nxd4 22. Qb2 Nxf3+ 23. Kg2 Nxe1+ 24. Kf1 Nxc3 25. Qxc3+ e5 26. Rxe1 d4 27. Qg3 Bc6 28. Rxe5 Bb5+ 29. Kg1 Qf6 30. Rxe8+ Bxe8
31. Qb8 Qe7 32. Bd3 a6 33. Qa7 Qe1+ 34. Kg2 Bc6+ 35. Kg3 Qg1+ 36. Kf4 Qxh2+ 37. Kg5 Qe5+ 38. Kh4 Qf4+ 39. Kh3 Qf3+ 40. Kh4 Qxd3
41. Qb8+ Kg7 42. Qc7+ Kf6 43. Qd6+ Kf5 44. Qc5+ Ke4 45. Qe7+ Kf3 46. Qf6+ Qf5 47. Qxd4 Qe4+
0-1

[Event "October Blitz"]
[Site "SchemingMind.com"]
[Date "2015.10.06"]
[Round "-"]
[White "Eric Caesar"]
[Black "Stephen Woodhouse"]
[Result "0-1"]
[WhiteCountry "NED"]
[BlackCountry "ENG"]
[WhiteElo "1940"]
[WhiteRD "74"]
[BlackElo "1927"]
[BlackRD "48"]
[GameID "388455"]

1. e4 e6 2. d4 d5 3. Nc3 Nf6 4. e5 Nfd7 5. f4 c5 6. Nf3 Nc6 7. Be3 cxd4 8. Nxd4 Bc5 9. Nxc6 bxc6 10. Qd2 O-O
11. O-O-O Qb6 12. Bxc5 Nxc5 13. Be2 Ba6 14. Bxa6 Nxa6 15. Na4 Qb5 16. b3 Nc5 17. Nxc5 Qxc5 18. Qd4 Qxd4 19. Rxd4 c5 20. Ra4 Rfb8
21. g4 Rb4 22. Rxb4 cxb4 23. Rd1 Rc8 24. Rd4 a5 25. a3 Rb8 26. Kb2 Kf8 27. c3 bxc3+ 28. Kxc3 Rc8+ 29. Kb2 Ke7 30. b4 Rb8
31. Kc3 axb4+ 32. axb4 Kd7 33. Kb3 Kc6 34. h4 Kb5 35. f5 Rc8 36. fxe6 fxe6 37. Rf4 Rc7 38. g5 Rc4 39. Rf7 Rxb4+ 40. Kc3 Rxh4
41. Rxg7 d4+ 42. Kd3 Kc5 43. Rd7 Rh5 44. Rc7+ Kd5 45. Ra7 Rh3+ 46. Ke2 Kxe5 47. Ra6 Kf5 48. Kd2 e5 49. Ra5 Ke4 50. Ra6 Rh2+
51. Kd1 Ke3 52. g6 hxg6 53. Rxg6 Rh1+ 54. Kc2 d3+ 55. Kc3 Rc1+
0-1

[Event "October Blitz"]
[Site "SchemingMind.com"]
[Date "2015.10.06"]
[Round "-"]
[White "Ramesh Panwar"]
[Black "Eric Caesar"]
[Result "1-0"]
[WhiteCountry "IND"]
[BlackCountry "NED"]
[WhiteElo "2415"]
[WhiteRD "59"]
[BlackElo "1940"]
[BlackRD "74"]
[GameID "388456"]

1. c4 e5 2. Nc3 Nf6 3. Nf3 Nc6 4. g3 g6 5. Bg2 Bg7 6. O-O O-O 7. d4 exd4 8. Nxd4 Re8 9. e3 d6 10. Nxc6 bxc6
11. Bxc6 Bd7 12. Bxa8 Qxa8 13. f3 Bc6 14. e4 Qb7 15. Rf2 Nd7 16. Nd5 Bxd5 17. cxd5 Qb6 18. Kg2 a5 19. Qa4 Re7 20. Bd2 Nc5
21. Qxa5 Qxa5 22. Bxa5 Nd3 23. Rd2 Nxb2 24. Rc1 Bh6 25. f4 Na4 26. Bxc7 Rd7 27. Rd4 Nb2 28. e5 dxe5 29. Bxe5 f5 30. Rb1
1-0

[Event "October Blitz"]
[Site "SchemingMind.com"]
[Date "2015.10.06"]
[Round "-"]
[White "Eric Caesar"]
[Black "Ramesh Panwar"]
[Result "0-1"]
[WhiteCountry "NED"]
[BlackCountry "IND"]
[WhiteElo "1940"]
[WhiteRD "74"]
[BlackElo "2415"]
[BlackRD "59"]
[GameID "388457"]

1. d4 Nf6 2. c4 e6 3. Nf3 b6 4. g3 Bb7 5. Bg2 Be7 6. O-O O-O 7. Re1 c5 8. Nc3 cxd4 9. Nxd4 Bxg2 10. Kxg2 Qc8
11. b3 d5 12. Qd3 dxc4 13. bxc4 Nc6 14. Bg5 h6 15. Be3 Rd8 16. f3 Bc5 17. Ne4 Bxd4 18. Bxd4 Nxe4 19. Qxe4 Rxd4
0-1

[Event "October Blitz"]
[Site "SchemingMind.com"]
[Date "2015.10.16"]
[Round "-"]
[White "Stephen Woodhouse"]
[Black "frankly"]
[Result "0-1"]
[WhiteCountry "ENG"]
[BlackCountry "ENG"]
[WhiteElo "1927"]
[WhiteRD "48"]
[BlackElo "2454"]
[BlackRD "56"]
[GameID "388811"]

1. e4 c5 2. c3 Nf6 3. e5 Nd5 4. d4 cxd4 5. Nf3 Nc6 6. cxd4 d6 7. Bc4 Nb6 8. Bb5 dxe5 9. Nxe5 Bd7 10. Nxd7 Qxd7
11. Nc3 e6 12. O-O Be7 13. Qg4 O-O 14. Bxc6 bxc6 15. Bh6 Bf6 16. Rfd1 Kh8 17. Bg5 Bxg5 18. Qxg5 h6 19. Qc5 Rfd8 20. Rac1 Nc8
21. f4 Ne7 22. Ne4 Rab8 23. b3 Rb5 24. Qc3 Rd5 25. Nc5 Qc7 26. g3 Nf5 27. Na6 Qb6 28. Qxc6 Qxc6 29. Rxc6 Nxd4 30. Rcc1 Ne2+
0-1

[Event "October Blitz"]
[Site "SchemingMind.com"]
[Date "2015.10.16"]
[Round "-"]
[White "frankly"]
[Black "Stephen Woodhouse"]
[Result "1-0"]
[WhiteCountry "ENG"]
[BlackCountry "ENG"]
[WhiteElo "2454"]
[WhiteRD "56"]
[BlackElo "1927"]
[BlackRD "48"]
[GameID "388812"]

1. d4 e6 2. c4 d5 3. Nc3 c5 4. cxd5 exd5 5. Nf3 Nc6 6. g3 Nf6 7. Bg2 Be7 8. O-O O-O 9. Bg5 c4 10. Ne5 Be6
11. b3 h6 12. Bxf6 Bxf6 13. Nxc6 bxc6 14. bxc4 dxc4 15. e3 Qa5 16. Qc2 c5 17. Bxa8 cxd4 18. Nd5 Bxd5 19. Bxd5 Qxd5 20. exd4 Bxd4
21. Rae1 c3 22. Re7 Rc8 23. Rfe1 g6 24. Qe4 Qc5 25. Qf4 Rf8 26. Rd7 Bg7 27. Re8 f5 28. Rc7 Qd5 29. Ree7 Bf6 30. Qxh6 Bxe7
31. Qxg6+ Kh8 32. Rxe7 Qd1+ 33. Kg2 Qd5+ 34. Kh3
1-0

[Event "October Blitz"]
[Site "SchemingMind.com"]
[Date "2015.10.21"]
[Round "-"]
[White "frankly"]
[Black "Ramesh Panwar"]
[Result "1/2-1/2"]
[WhiteCountry "ENG"]
[BlackCountry "IND"]
[WhiteElo "2453"]
[WhiteRD "56"]
[BlackElo "2402"]
[BlackRD "59"]
[GameID "388813"]

1. d4 d5 2. c4 c6 3. Nf3 Nf6 4. Nc3 e6 5. Bg5 dxc4 6. e4 b5 7. e5 h6 8. Bh4 g5 9. Nxg5 hxg5 10. Bxg5 Nbd7
11. g3 Qb6 12. Bxf6 Nxf6 13. exf6 Bb7 14. Bg2 O-O-O 15. O-O Qxd4 16. Qxd4 Rxd4 17. h4 Bd6 18. Rfe1 Rd8= 19. Ne4 Bb4 20. Re2 Kc7
21. a3 Ba5 22. Kh2 Bb6 23. f4 Rh8 24. Ng5=
1/2-1/2

[Event "October Blitz"]
[Site "SchemingMind.com"]
[Date "2015.10.21"]
[Round "-"]
[White "Ramesh Panwar"]
[Black "frankly"]
[Result "0-1"]
[WhiteCountry "IND"]
[BlackCountry "ENG"]
[WhiteElo "2402"]
[WhiteRD "59"]
[BlackElo "2453"]
[BlackRD "56"]
[GameID "388814"]

1. e4 c5 2. Nf3 d6 3. d4 cxd4 4. Nxd4 Nf6 5. Nc3 a6 6. f4 e5 7. Nf3 Nbd7 8. Be3 Be7 9. fxe5 dxe5 10. Bc4 O-O
11. Qd3 b5 12. Bb3 Bb7 13. O-O-O Qc7 14. Bd5 Rfe8 15. Bxb7 Qxb7 16. Rhf1 Rac8 17. Kb1 Nc5 18. Bxc5 Rxc5 19. Rfe1= g6 20. Nd5 Nxd5
21. exd5 Rd8 22. Rxe5 Bf6 23. b4 Rc4 24. Re4 Rdc8 25. Rxc4 bxc4 26. Qa3 Rb8 27. d6 Qb6 28. d7 a5 29. c3 axb4 30. cxb4 Kg7
31. Kc1 Qe6 32. d8=Q Rxd8 33. Rxd8 Bxd8 34. Qb2+ Bf6 35. Qc2 c3 36. Kb1 g5 37. h3 Qe3 38. a4= h5 39. Ka2 g4 40. Nh2 Qe6+
41. Ka3 Qc4 42. hxg4 hxg4 43. Nxg4 Be7
0-1

[Event "October Blitz"]
[Site "SchemingMind.com"]
[Date "2015.10.19"]
[Round "-"]
[White "frankly"]
[Black "Eric Caesar"]
[Result "0-1"]
[WhiteCountry "ENG"]
[BlackCountry "NED"]
[WhiteElo "2453"]
[WhiteRD "56"]
[BlackElo "1927"]
[BlackRD "67"]
[GameID "388815"]

1. d4 Nf6 2. Nf3 d5 3. c4 e6 4. Nc3 c6 5. Bg5 h6 6. Bxf6 Qxf6 7. e3 g6 8. Bd3 Bg7 9. O-O Nd7 10. e4 dxc4
11. e5 Qe7 12. Bxc4 O-O 13. Qe2 Nb6 14. Ne4 Nd5 15. Rfe1 a5 16. Rac1 a4 17. a3 b6 18. Nd6 Bd7 19. Qd1 Rfb8 20. Qc2 b5
21. Bf1 b4 22. Nd2 bxa3 23. bxa3 Rb6 24. N2e4 Rab8 25. Rb1 Rxb1 26. Nc5 Rxe1
0-1

[Event "October Blitz"]
[Site "SchemingMind.com"]
[Date "2015.10.18"]
[Round "-"]
[White "Eric Caesar"]
[Black "frankly"]
[Result "0-1"]
[WhiteCountry "NED"]
[BlackCountry "ENG"]
[WhiteElo "1940"]
[WhiteRD "74"]
[BlackElo "2454"]
[BlackRD "56"]
[GameID "388816"]

1. e4 c5 2. Nf3 Nc6 3. d4 cxd4 4. Nxd4 Nf6 5. Nc3 e5 6. Ndb5 d6 7. Bg5 a6 8. Na3 b5 9. Nd5 Be7 10. Bxf6 Bxf6
11. c3 O-O 12. Nc2 Bg5 13. h4 Bh6 14. g3 Rb8 15. a4 bxa4 16. Rxa4 Rxb2 17. Bxa6 Bg4 18. Qxg4 Rb1+ 19. Ke2 Rxh1 20. Ne1 Qb8
21. Nb4 Nxb4 22. Rxb4 Qa7 23. Bd3 Qa1 24. Rb1 Qxc3 25. Rd1 Rb8 26. Qf3 Rb2+
0-1

[Event "October Blitz"]
[Site "SchemingMind.com"]
[Date "2015.10.30"]
[Round "-"]
[White "Selwyn"]
[Black "frankly"]
[Result "1/2-1/2"]
[WhiteCountry "AUS"]
[BlackCountry "ENG"]
[WhiteElo "2511"]
[WhiteRD "92"]
[BlackElo "2453"]
[BlackRD "56"]
[GameID "389452"]

1. d4 Nf6 2. c4 e6 3. Nf3 b6 4. a3 Bb7 5. Nc3 d5 6. cxd5 Nxd5 7. Qc2 Nxc3 8. bxc3 Be7 9. e4 O-O 10. Bd3 c5
11. O-O Qc7 12. Qe2 Nc6 13. d5 Na5 14. c4 Nb3 15. Rb1 Nxc1 16. Rfxc1 Rfe8 17. Re1 g6 18. Qa2 Bf8 19. a4 Bg7 20. a5 Ba6
21. Bf1 exd5 22. axb6 axb6 23. exd5 Rxe1 24. Rxe1 Bb7 25. Qd2 Rd8 26. h4 b5 27. d6 Qb8 28. cxb5 Bxf3 29. gxf3 Rxd6 30. Qf4 Bf6
31. h5 Qd8 32. Bc4 gxh5 33. Qf5 Qd7 34. Qxh5 Bc3 35. Re4 Rg6+ 36. Rg4 Kg7=
1/2-1/2

[Event "October Blitz"]
[Site "SchemingMind.com"]
[Date "2015.10.30"]
[Round "-"]
[White "frankly"]
[Black "Selwyn"]
[Result "0-1"]
[WhiteCountry "ENG"]
[BlackCountry "AUS"]
[WhiteElo "2473"]
[WhiteRD "55"]
[BlackElo "2574"]
[BlackRD "86"]
[GameID "389453"]

1. d4 Nf6 2. Nf3 e6 3. c4 b6 4. g3 Bb7 5. Bg2 Be7 6. Nc3 O-O 7. Qc2 c5 8. e4 cxd4 9. Nxd4 Qc8 10. Qd3 Nc6
11. Nxc6 dxc6 12. e5 Nd7 13. Qe2 b5 14. h4 bxc4 15. Bg5 Bb4 16. Rc1 c5 17. O-O Bxg2 18. Kxg2 Qb7+ 19. Kh2 Bxc3 20. Rxc3 Nb6
21. Rc2 h6 22. Be3 Qc7 23. f4 Rfc8 24. b3 cxb3 25. axb3 Qb7 26. Bxc5 Nd5 27. Qf3 Rab8 28. Rfc1 Qxb3 29. Qxb3 Rxb3 30. Bxa7 Rxc2+
31. Rxc2 h5 32. Rc8+ Kh7 33. Rb8 Rc3 34. Bf2 Rc2 35. Kg2 Ne3+ 36. Kf3 Ng4 37. Be1 Kg6 38. Rb7 Ra2 39. Rc7 Rb2 40. Ra7 Rb3+
41. Kg2 Kf5 42. Ra8 Ne3+ 43. Kf2 Kg4 44. Ra4 Nf5 45. Kg2 Rb2+ 46. Bf2 Ne3+ 47. Kg1 Nd1 48. Be1 Kf3 49. f5 Rg2+ 50. Kh1 Re2
51. Rf4+ Ke3 52. Rf1 exf5 53. Kg1 Kd3 54. Ba5 Ne3 55. Rf3 Rg2+ 56. Kh1 Rb2 57. Rf4 Ke2 58. Be1 Kxe1
0-1

[Event "October Blitz"]
[Site "SchemingMind.com"]
[Date "2015.10.30"]
[Round "-"]
[White "Selwyn"]
[Black "Ramesh Panwar"]
[Result "1-0"]
[WhiteCountry "AUS"]
[BlackCountry "IND"]
[WhiteElo "2574"]
[WhiteRD "86"]
[BlackElo "2409"]
[BlackRD "63"]
[GameID "389454"]

1. d4 Nf6 2. c4 e6 3. Nf3 Be7 4. Nc3 d5 5. Bf4 O-O 6. e3 Nbd7 7. Qc2 c5 8. Rd1 cxd4 9. Rxd4 Qa5 10. Bg3 b5
11. cxb5 Bb7 12. Be2 Rfc8 13. O-O Ne4 14. Bd3 Ndf6 15. Ra4 Qb6 16. Be5 h6 17. Bd4 Nc5 18. Ra3 Qd6 19. Be2 Nfd7 20. Rd1 a5
21. bxa6 Nxa6 22. Bb5 Nb4 23. Qb3 Rxa3 24. Qxa3 Qc7 25. Qb3 Nc6 26. Rc1 Bd6 27. g3 Qb8 28. Bf1 Ne7 29. Re1 Nf5 30. Nb5 Be7
31. Bd3 Ba6 32. Bxf5 Qxb5 33. Qxb5 Bxb5 34. Bh3 Bd6 35. Ra1 Be2 36. Ne1 Ra8= 37. Bf1 Bxf1 38. Kxf1 Ra4 39. Nd3 e5 40. b3 Ra6
41. Bc3 Rb6 42. Rb1 Rc6 43. Be1 Ba3 44. Nb4 Bxb4 45. Bxb4 f5 46. a4 Kf7 47. Be1 Ke6 48. b4 Rc2 49. a5 Kd6 50. b5 d4
51. Rd1 Kc5 52. b6 g5 53. f4 gxf4 54. gxf4 Kc6 55. fxe5
1-0

[Event "October Blitz"]
[Site "SchemingMind.com"]
[Date "2015.10.30"]
[Round "-"]
[White "Ramesh Panwar"]
[Black "Selwyn"]
[Result "0-1"]
[WhiteCountry "IND"]
[BlackCountry "AUS"]
[WhiteElo "2409"]
[WhiteRD "63"]
[BlackElo "2574"]
[BlackRD "86"]
[GameID "389455"]

1. e4 Nf6 2. e5 Nd5 3. d4 d6 4. Nf3 dxe5 5. Nxe5 g6 6. c4 Nb6 7. c5 N6d7 8. Nf3 Bg7 9. Nc3 O-O 10. Be3 e5
11. d5 Nf6 12. Be2 e4 13. Ng5 Re8 14. Qa4 Bf5 15. Qb3 h6 16. Nxf7 Kxf7 17. Rd1 b6 18. d6+ Be6 19. Qa4 Bf8 20. Nb5 cxd6
21. cxb6 Nbd7 22. bxa7 Nb6 23. Qd4 Nbd5 24. O-O Kg7 25. Qd2 Nxe3 26. fxe3 Qb6 27. Qc3 Be7 28. Nc7 Bf7 29. Bb5 Rec8 30. Nxa8 Rxa8
31. Bc6 Rxa7 32. Rxd6 Bxd6 33. Rxf6 Qc5 34. Rxd6+ Qxc3 35. bxc3 Ra6 36. h4 Be8 37. Bxe8 Rxd6 38. c4 Rd2 39. Bc6 Rc2 40. Bxe4 Rxc4
41. Bf3 Rxh4 42. g4 h5 43. gxh5 gxh5 44. Kg2 Kh6 45. Kg3 Ra4 46. Bd1 Rxa2 47. Bf3 Kg5 48. Bg2 h4+ 49. Kf3 Ra7 50. Bh3 Rh7
51. Ke4 Rf7 52. Bc8 Rf2 53. Bd7 Kf6 54. Bg4 Ke7 55. Bh3 Rf8 56. Bg2 Kd6 57. Bh3= Kc5
0-1

[Event "October Blitz"]
[Site "SchemingMind.com"]
[Date "2015.10.30"]
[Round "-"]
[White "Selwyn"]
[Black "Eric Caesar"]
[Result "1-0"]
[WhiteCountry "AUS"]
[BlackCountry "NED"]
[WhiteElo "2511"]
[WhiteRD "92"]
[BlackElo "1927"]
[BlackRD "67"]
[GameID "389456"]

1. d4 Nf6 2. c4 e6 3. g3 d5 4. Nf3 Be7 5. Bg2 O-O 6. O-O dxc4 7. Qc2 Nc6 8. Qxc4 Bd7 9. Rd1 Ne4 10. Qc2 Nd6
11. Ne5 Bf6 12. Nxc6 Bxc6 13. Bxc6 bxc6 14. e4 e5 15. dxe5 Bxe5 16. f4 Bf6 17. e5 Re8 18. Qxc6 Bxe5 19. fxe5 Rxe5 20. Bf4 Re6
21. Nc3 Rb8 22. Nb5 Qf6 23. Nxc7 Ne4 24. Nxe6
1-0

[Event "October Blitz"]
[Site "SchemingMind.com"]
[Date "2015.10.30"]
[Round "-"]
[White "Eric Caesar"]
[Black "Selwyn"]
[Result "0-1"]
[WhiteCountry "NED"]
[BlackCountry "AUS"]
[WhiteElo "1927"]
[WhiteRD "67"]
[BlackElo "2511"]
[BlackRD "92"]
[GameID "389457"]

1. e4 Nf6 2. Nc3 e5 3. f4 d5 4. exd5 Nxd5 5. Nxd5 Qxd5 6. fxe5 Nc6 7. Nf3 Bg4 8. Be2 Nxe5 9. O-O Nxf3+ 10. Bxf3 Bc5+
11. Kh1 Bxf3 12. Qxf3 Qxf3 13. Rxf3 O-O 14. d3 Rfe8 15. Bd2 Re2 16. Rd1 Rae8 17. g3 f6 18. c3 Bf2 19. a4 c5 20. b4 cxb4
21. cxb4 Rc8 22. Rc1 Rxc1+ 23. Bxc1 Bd4 24. Bf4 g5 25. Bd6 Re1+ 26. Kg2 Rg1+ 27. Kh3 h5 28. Rf5 b6 29. a5 Kf7 30. Rd5 Bc3
31. axb6 axb6
0-1

[Event "October Blitz"]
[Site "SchemingMind.com"]
[Date "2015.11.10"]
[Round "-"]
[White "smothered mate"]
[Black "Selwyn"]
[Result "0-1"]
[WhiteCountry "POL"]
[BlackCountry "AUS"]
[WhiteElo "1959"]
[WhiteRD "71"]
[BlackElo "2574"]
[BlackRD "86"]
[GameID "390113"]

1. d4 Nf6 2. Nf3 e6 3. c4 c5 4. e3 d5 5. Nc3 Nc6 6. cxd5 exd5 7. Be2 cxd4 8. Nxd4 Bd6 9. h3 O-O 10. O-O Re8
11. Bf3 Bb8 12. a3 Qd6 13. g3 Bxh3 14. Re1 Ne5 15. Bg2 Bxg2 16. Kxg2 a6 17. Rh1 Ba7 18. b4 Rac8 19. Bb2 Nfg4 20. Nf5 Qf6
21. Qb1 Rxc3 22. Bxc3 d4 23. exd4 Qc6+ 24. f3 Qxf3+ 25. Kh3 Nf2+
0-1

[Event "October Blitz"]
[Site "SchemingMind.com"]
[Date "2015.11.11"]
[Round "-"]
[White "Selwyn"]
[Black "smothered mate"]
[Result "1-0"]
[WhiteCountry "AUS"]
[BlackCountry "POL"]
[WhiteElo "2574"]
[WhiteRD "86"]
[BlackElo "1959"]
[BlackRD "71"]
[GameID "390114"]

1. d4 Nf6 2. c4 c5 3. d5 b5 4. cxb5 a6 5. bxa6 Bxa6 6. Nc3 g6 7. e4 Bxf1 8. Kxf1 d6 9. Nf3 Nfd7 10. g3 Bg7
11. Kg2 O-O 12. Re1 Na6 13. Bf4 Qb8 14. Rb1 Nc7 15. e5 Ra6 16. Qd3 Qa7 17. exd6 exd6 18. Re7 Rd8 19. Ng5 f6 20. Qe4 fxg5
21. Rxg7+ Kxg7 22. Qe7+ Kg8 23. Qxd8+ Nf8 24. Bxd6 Rxd6 25. Qxd6 Ne8 26. Qd8 Qf7 27. Re1 Nf6 28. Re7
1-0

[Event "October Blitz"]
[Site "SchemingMind.com"]
[Date "2015.11.10"]
[Round "-"]
[White "smothered mate"]
[Black "Stephen Woodhouse"]
[Result "1-0"]
[WhiteCountry "POL"]
[BlackCountry "ENG"]
[WhiteElo "1973"]
[WhiteRD "82"]
[BlackElo "1935"]
[BlackRD "50"]
[GameID "390115"]

1. d4 e6 2. c4 d5 3. Nf3 c5 4. Nc3 Nc6 5. cxd5 exd5 6. g3 Nf6 7. Bg2 Be7 8. O-O O-O 9. Bg5 c4 10. Ne5 Be6
11. f4 h6 12. Bxf6 Bxf6 13. f5 Bxe5 14. dxe5 Qb6+ 15. Kh1 Qxb2 16. Na4 Qxe5 17. fxe6 fxe6 18. Nc5 Rxf1+ 19. Qxf1 Rf8 20. Qxf8+ Kxf8
21. Nd7+
1-0

[Event "October Blitz"]
[Site "SchemingMind.com"]
[Date "2015.11.10"]
[Round "-"]
[White "Stephen Woodhouse"]
[Black "smothered mate"]
[Result "0-1"]
[WhiteCountry "ENG"]
[BlackCountry "POL"]
[WhiteElo "1872"]
[WhiteRD "49"]
[BlackElo "1959"]
[BlackRD "71"]
[GameID "390116"]

1. e4 c5 2. c3 e6 3. d4 cxd4 4. cxd4 d5 5. e5 Nc6 6. Nf3 Bd7 7. Nc3 f6 8. exf6 Nxf6 9. Bd3 Bd6 10. O-O O-O
11. Bg5 a6 12. Rc1 Qb8 13. Bb1 Ng4 14. h3 Nh2 15. Nxh2 Bxh2+ 16. Kh1 Bf4 17. Bxf4 Qxf4 18. Ne2 Qh4 19. Kg1 Kh8 20. a3 e5
21. dxe5 Bxh3 22. gxh3 Rf3 23. Qxd5 Raf8 24. Ng3 Nd4 25. Rc4 Qxg3+ 26. fxg3 Rxf1+
0-1

[Event "October Blitz"]
[Site "SchemingMind.com"]
[Date "2015.11.10"]
[Round "-"]
[White "smothered mate"]
[Black "frankly"]
[Result "0-1"]
[WhiteCountry "POL"]
[BlackCountry "ENG"]
[WhiteElo "1959"]
[WhiteRD "71"]
[BlackElo "2473"]
[BlackRD "55"]
[GameID "390117"]

1. d4 Nf6 2. Nf3 e6 3. c4 b6 4. Nc3 Bb7 5. e3 Bb4 6. Bd2 O-O 7. Bd3 d5 8. cxd5 exd5 9. O-O Nbd7 10. Ne2 Bd6
11. Ng3 g6 12. Re1 Ne4 13. Bc3 Re8 14. Nd2 Nxc3 15. bxc3 Nf6 16. e4 Bxg3 17. hxg3 dxe4 18. Bc4 c5 19. Qb3 Re7 20. Nf1 cxd4
21. cxd4 Qxd4 22. Rad1 Qe5 23. Ne3 Rc8 24. Rd2 Rc5 25. Red1 b5 26. Be2 a5 27. Rd8+ Kg7 28. R1d2 Bc8 29. Qd1 Qc7 30. Kh2 Rc1
31. Qb3 b4 32. R2d6 Be6 33. Qb2 Qc3 34. Qxc3 Rxc3 35. g4 Bxa2 36. g5 Ng8 37. Ng4 Be6
0-1

[Event "October Blitz"]
[Site "SchemingMind.com"]
[Date "2015.11.10"]
[Round "-"]
[White "frankly"]
[Black "smothered mate"]
[Result "1-0"]
[WhiteCountry "ENG"]
[BlackCountry "POL"]
[WhiteElo "2453"]
[WhiteRD "56"]
[BlackElo "1973"]
[BlackRD "82"]
[GameID "390118"]

1. d4 Nf6 2. Nf3 g6 3. c4 c5 4. Nc3 a6 5. dxc5 Nc6 6. e4 e5 7. Be3 Qa5 8. Nd2 Nd4 9. Bxd4 exd4 10. Nb3 Qc7
11. Qxd4 Bg7 12. Nd5 Qd8 13. Qe5+ Kf8 14. Qd6+
1-0

[Event "October Blitz"]
[Site "SchemingMind.com"]
[Date "2015.11.10"]
[Round "-"]
[White "smothered mate"]
[Black "Ramesh Panwar"]
[Result "0-1"]
[WhiteCountry "POL"]
[BlackCountry "IND"]
[WhiteElo "1973"]
[WhiteRD "82"]
[BlackElo "2402"]
[BlackRD "59"]
[GameID "390119"]

1. d4 Nf6 2. Nf3 e6 3. c4 b6 4. e3 Bb7 5. Bd3 Be7 6. O-O O-O 7. Nc3 d5 8. b3 c5 9. Bb2 cxd4 10. Nxd4 dxc4
11. Bxc4 Nbd7 12. Bxe6 fxe6 13. Nxe6 Qe8 14. Nxf8 Bxf8 15. Qe2 Rc8 16. Rac1 Ne5 17. h3 Qg6 18. f4 Nd3 19. Rcd1 Nxb2 20. Qxb2 Rxc3
0-1

[Event "October Blitz"]
[Site "SchemingMind.com"]
[Date "2015.11.10"]
[Round "-"]
[White "Ramesh Panwar"]
[Black "smothered mate"]
[Result "1-0"]
[WhiteCountry "IND"]
[BlackCountry "POL"]
[WhiteElo "2409"]
[WhiteRD "63"]
[BlackElo "1959"]
[BlackRD "71"]
[GameID "390120"]

1. e4 c5 2. Nf3 d6 3. d4 cxd4 4. Nxd4 Nf6 5. Nc3 a6 6. Bg5 Nbd7 7. Bc4 e6 8. a3 Be7 9. Bxe6 O-O 10. Bf5 h6
11. Bf4 Ne5 12. O-O b5 13. Qd2 Bb7 14. Bxh6 gxh6 15. Qxh6 Ng6 16. Ne6 fxe6 17. Qxg6+ Kh8 18. Qh6+ Kg8 19. Bxe6+ Rf7 20. Qg6+ Kh8
21. Bxf7 Qf8 22. Bd5 Nxd5 23. Nxd5 Bxd5 24. Qh5+ Kg7 25. exd5
1-0

[Event "October Blitz"]
[Site "SchemingMind.com"]
[Date "2015.11.11"]
[Round "-"]
[White "smothered mate"]
[Black "Eric Caesar"]
[Result "0-1"]
[WhiteCountry "POL"]
[BlackCountry "NED"]
[WhiteElo "1959"]
[WhiteRD "71"]
[BlackElo "1946"]
[BlackRD "66"]
[GameID "390121"]

1. d4 Nf6 2. Nf3 e6 3. c4 d5 4. Nc3 Bb4 5. cxd5 exd5 6. Bg5 c6 7. e3 Nbd7 8. Bd3 h6 9. Bh4 Nf8 10. O-O Bg4
11. Qb3 Bxc3 12. bxc3 Bxf3 13. gxf3 b6 14. e4 Ng6 15. Bg3 O-O 16. e5 Nh5 17. f4 Ngxf4 18. Bc2 Qd7 19. c4 Ne2+ 20. Kg2 Nxd4
21. Qc3 Nxc2 22. Qxc2 Nxg3 23. fxg3 d4 24. Rad1 c5 25. Rd3 Rae8 26. Re1 f6
0-1

[Event "October Blitz"]
[Site "SchemingMind.com"]
[Date "2015.11.11"]
[Round "-"]
[White "Eric Caesar"]
[Black "smothered mate"]
[Result "0-1"]
[WhiteCountry "NED"]
[BlackCountry "POL"]
[WhiteElo "1927"]
[WhiteRD "67"]
[BlackElo "1973"]
[BlackRD "82"]
[GameID "390122"]

1. e4 e6 2. d4 d5 3. Nc3 Bb4 4. e5 c5 5. a3 Bxc3+ 6. bxc3 Ne7 7. Qg4 cxd4 8. Qxg7 Rg8 9. Qxh7 Qc7 10. Kd1 Nbc6
11. Nf3 dxc3 12. Ng5 Nxe5 13. f4 Ng4 14. Qxf7+ Kd8 15. Nh3 Qc5 16. Be2 Ne3+
0-1

[Event "October Blitz"]
[Site "SchemingMind.com"]
[Date "2015.11.14"]
[Round "-"]
[White "Glenn O'Brien"]
[Black "smothered mate"]
[Result "1-0"]
[WhiteCountry "AUS"]
[BlackCountry "POL"]
[WhiteElo "2017"]
[WhiteRD "69"]
[BlackElo "1942"]
[BlackRD "68"]
[GameID "390357"]

1. e4 e6 2. d4 d5 3. Nc3 Bb4 4. e5 c5 5. a3 Bxc3+ 6. bxc3 Ne7 7. Qg4 cxd4 8. Qxg7 Rg8 9. Qxh7 Qc7 10. Ne2 dxc3
11. f4 Nd7 12. Qd3 Nf5 13. Qxc3 Qb6 14. Bb2 Nc5 15. Nd4 Ne4 16. Qb4 Qc7 17. Nxf5 exf5 18. Qa5 Qxc2 19. Bd4 b6 20. Bb5+ Ke7
21. Qb4+ Ke6 22. Bf1 Bd7 23. Be3 Rac8 24. Bd2 a5 25. Qxb6+ Rc6 26. Qd4 Rb8 27. Be2 Rb1+ 28. Rxb1 Qxb1+ 29. Bd1 Rc4 30. Qe3 Ba4
31. Ke2 Bb5 32. Ke1 Nc3 33. Bxc3 Re4 34. Qxe4 Qxe4+ 35. Kf2 d4 36. Bd2 d3 37. Kg3 Qa8 38. h4 Bc6 39. Bf3 Bxf3 40. gxf3 a4
41. h5 f6 42. exf6 Kxf6 43. h6 Qg8+ 44. Kf2 Qh7 45. Bc3+ Ke6 46. Bg7 Kd5 47. Rd1 Kc4 48. Rc1+ Kb3 49. Rc3+ Ka2 50. Rxd3 Kb1
51. Rd4 Kc2 52. Rxa4 Kb3 53. Ra6 Kc4 54. a4 Kc5 55. a5 Qg8 56. Rf6 Qa2+ 57. Kg3 Qe2 58. Rxf5+ Kc6 59. Re5 Qf1 60. f5 Qg1+
61. Kh3 Qg5 62. a6 Qh5+ 63. Kg2 Qg5+ 64. Kf1 Qc1+ 65. Kf2 Kb6 66. h7 Qb2+ 67. Kg3 Qc1 68. Re6+ Ka7 69. Bd4+
1-0